Principles of Economics (Record no. 5804)

MARC details
005 - DATE AND TIME OF LATEST TRANSACTION
control field 20250628055306.0
020 ## - INTERNATIONAL STANDARD BOOK NUMBER
International Standard Book Number 9987-694-10-1
082 ## - DEWEY DECIMAL CLASSIFICATION NUMBER
Classification number 330 MUT
100 ## - MAIN ENTRY--PERSONAL NAME
Author name MUTASA,F.L.
245 ## - TITLE STATEMENT
Title Principles of Economics
250 ## - EDITION STATEMENT
Edition statement 2nd Ed.
260 ## - PUBLICATION, DISTRIBUTION, ETC.
Place of publication, distribution, etc. Dar es Salaam,
Name of publisher, distributor, etc. Tanzania Institute of Bankers,
Date of publication, distribution, etc. 2011.
300 ## - PHYSICAL DESCRIPTION
Extent iii,330p.:ill.;figures, tables
Dimensions 25cm
942 ## - ADDED ENTRY ELEMENTS (KOHA)
Source of classification or shelving scheme Dewey Decimal Classification
Koha item type Books
Holdings
Date last seen Total checkouts Full call number Barcode Cost, replacement price Price effective from Koha item type Lost status Source of classification or shelving scheme Damaged status Not for loan Withdrawn status Home library Current library Shelving location Date acquired Source of acquisition Cost, normal purchase price
06/28/2025   330 MUT MZA0002571 90000.00 06/27/2025 Books   Dewey Decimal Classification       CBE Mwanza CBE Mwanza General Collection 06/01/2024 TIOB Donation 30000.00